01655cam a2200289 i 4500001001900000003000600019005001700025007000300042008004100045015001900086016001800105020002900123035001800152035002100170040003800191041001200229100006300241245009100304264003200395300009100427500005700518500008400575504006700659520059400726650002001320650002501340991025450837507026UkOxU20260304123448.0t|230201s2023 enk a b 001|0 eng|d aGBC3755242bnb7 a0210259412Uk a9781529112115qpaperback a(Uk)021025941 a(UkMaC)549686545 aStDuBDSbengcStDuBDSerdadUkOxU aEnglish aYong, Ed,eauthor.1https://isni.org/isni/000000046025999713aAn immense world b: how animal senses reveal the hidden realms around us c/ Ed Yong. 1a[London] :bVintage,c2023. ax, 449 pages, 16 unnumbered pages of plates :billustrations (chiefly colour) ;c20 cm aOriginally published: London: The Bodley Head, 2022. aPlace of publication inferred from publisher's website, accessed December 2023. aIncludes bibliographical references (pages 385-429) and index. aThis is our world, as you've never seen it before. The Earth teems with sights and textures, sounds and vibrations, smells and tastes, electric and magnetic fields. But every animal is enclosed within its own unique sensory bubble, perceiving only a tiny sliver of this world. In An Immense World, Ed Yong coaxes us beyond the confines of our own senses, welcoming us into previously unfathomable dimensions - the world as it is truly perceived by other animals. Showing us that in order to understand our world we don't need to travel to other places; we need to see through other eyes. 0aAnimal behavior 0aSenses and sensation